000 00510nam a2200181Ia 4500
008 100920s9999 xx 000 0 und d
082 _b53604
_a51 0
100 _aमांढरे सूर्यकांत.
245 _aधाकटी पाती.
260 _b---
_c0
300 _a476
_bसाधी
365 _b100
520 _aचरित्र.
630 _aधाकटी पाती.
650 _aचरित्र.
730 _aधाकटी पाती.
942 _cBOOK
999 _c698622
_d698619